Skład Miedzi Legnica 2025/26 - Statystyki

Ogólne statystyki
  • Ten quiz został rozwiązany 10 razy
  • Średni wynik to 16 z 27
Statystyki odpowiedzi
pozycja kraj zawodnik % Poprawnych
Obrońca Bośnia I Hercegowina Adnan Kovacevic
100%
Obrońca Senegal Babacar Diallo
100%
Obrońca Polska Bartosz Kwiecień
100%
Obrońca Niemcy Florian Hartherz
100%
Pomocnik Hiszpania Asier Cordoba
75%
Pomocnik Chorwacja Benedik Mioc
75%
Bramkarz Ukraina Dmytro Sydorenko
75%
Obrońca Polska Igor Maliszewski
75%
Bramkarz Polska Jakub Wrąbel
75%
Pomocnik Polska Juliusz Letniowski
75%
Pomocnik Polska Kamil Antonik
75%
Obrońca Polska Wojciech Rezacz
75%
Napastnik Polska Daniel Stanclik
50%
Bramkarz Polska Filip Chadała
50%
Napastnik Szwecja Gustav Engvall
50%
Pomocnik Polska Kamil Drygas
50%
Obrońca Polska Kamil Kościelny
50%
Obrońca Polska Mateusz Grudziński
50%
Pomocnik Polska Oliwier Szymoniak
50%
Pomocnik Polska Wojciech Hajda
50%
Bramkarz Polska Franciszek Chojak
25%
Pomocnik Polska Jacek Podgórski
25%
Obrońca Polska Kacper Józefiak
25%
Napastnik Polska Marcel Mansfeld
25%
Pomocnik Polska Mateusz Bochniak
25%
Pomocnik Belgia Mehdi Lehaire
25%
Pomocnik Polska Szymon Pączek
0%
Nie znaleziono quizów pasujących do podanych kryteriów
Rozkład punktacji
Procent ludzi z każdym wynikiem
Percentyl według liczby udzielonych odpowiedzi
Twoja historia wyników
Nie rozwiązałeś tego quizu